All this was Bataan / (Record no. 11417)
[ view plain ]
| 000 -LEADER | |
|---|---|
| fixed length control field | 00862nam a2200253 a 4500 |
| 003 - CONTROL NUMBER IDENTIFIER | |
| control field | PILC |
| 005 - DATE AND TIME OF LATEST TRANSACTION | |
| control field | 20160306115356.0 |
| 008 - FIXED-LENGTH DATA ELEMENTS--GENERAL INFORMATION | |
| fixed length control field | 071112s1991 xx 00 eng d |
| 010 ## - LIBRARY OF CONGRESS CONTROL NUMBER | |
| LC control number | Acc#27662 |
| 020 ## - INTERNATIONAL STANDARD BOOK NUMBER | |
| International Standard Book Number | 9711004453 |
| 050 ## - LIBRARY OF CONGRESS CALL NUMBER | |
| Classification number | FIL D 767.4 .P6 |
| Item number | T126 1991 |
| 040 ## - CATALOGING SOURCE | |
| Transcribing agency | Philippine Baptist Theological Seminary |
| 100 10 - MAIN ENTRY--PERSONAL NAME | |
| Personal name | Tagarao, Silvestre L. |
| 245 10 - TITLE STATEMENT | |
| Title | All this was Bataan / |
| Statement of responsibility, etc. | Silvestre L. Tagarao. |
| 260 0# - PUBLICATION, DISTRIBUTION, ETC (IMPRINT) | |
| Place of publication, distribution, etc. | Quezon City, Philippines : |
| Name of publisher, distributor, etc. | New Day Publishers, |
| Date of publication, distribution, etc. | c1991. |
| 300 ## - PHYSICAL DESCRIPTION | |
| Extent | vii; 141 p. ; 22 cm. |
| 650 ## - SUBJECT ADDED ENTRY--TOPICAL TERM | |
| Topical term or geographic name as entry element | TAGARAO, SILVESTRE L. , 1919 |
| 650 ## - SUBJECT ADDED ENTRY--TOPICAL TERM | |
| Topical term or geographic name as entry element | PHILIPPINES, ARMY, INFANTRY, 42ND |
| General subdivision | HISTORY |
| 650 #4 - SUBJECT ADDED ENTRY--TOPICAL TERM | |
| Topical term or geographic name as entry element | PHILIPPINES, ARMY |
| General subdivision | BIOGRAPHY |
| 650 #4 - SUBJECT ADDED ENTRY--TOPICAL TERM | |
| Topical term or geographic name as entry element | BATAAN, BATTLE OF, PHILIPPINES, 1942 |
| 650 #4 - SUBJECT ADDED ENTRY--TOPICAL TERM | |
| Topical term or geographic name as entry element | WORLD WAR, 1939 - 1945 |
| General subdivision | PERSONAL NARRATIVES, PHILIPPINES |
| 650 #4 - SUBJECT ADDED ENTRY--TOPICAL TERM | |
| Topical term or geographic name as entry element | SOLDIERS |
| General subdivision | PHILIPPINES |
| -- | BIOGRAPHY |
| 942 ## - ADDED ENTRY ELEMENTS (KOHA) | |
| Koha item type | Circulation Books |
| Source of classification or shelving scheme | Library of Congress Classification |
| Withdrawn status | Lost status | Source of classification or shelving scheme | Damaged status | Not for loan | Home library | Current library | Shelving location | Date acquired | Cost, normal purchase price | Total Checkouts | Full call number | Barcode | Date last seen | Price effective from | Koha item type |
|---|---|---|---|---|---|---|---|---|---|---|---|---|---|---|---|
| Dewey Decimal Classification | PBTS Library | PBTS Library | Filipiniana Section | 11/12/2007 | 29.00 | FIL D 767.4 .P6 T126 1991 | 27662 | 02/04/2026 | 04/02/2015 | Circulation Books |